书目信息 |
| 题名: |
小学科学教育的“探究-研讨”教学法
|
|
| 作者: | 兰斯多恩 , Lansdown 著 ;陈德璋 , 张泰金 译 | |
| 分册: | ||
| 出版信息: | 北京 人民教育出版社 1983 |
|
| 页数: | 644页 | |
| 开本: | 20cm | |
| 丛书名: | ||
| 单 册: | ||
| 中图分类: | G623.6 , G426 | |
| 科图分类: | ||
| 主题词: | 常识课-教学法--小学 , 教学法-常识课--小学 , 教学理论 | |
| 电子资源: | ||
| ISBN: | ||
| 000 | 00899nam0 2200301 450 | |
| 001 | 1554579286 | |
| 005 | 20150207151005.56 | |
| 010 | @dCNY2.40 | |
| 091 | @a7012.0668 | |
| 100 | @a19960215d1983 em y0chiy0110 ea | |
| 101 | 1 | @achi@ceng |
| 102 | @aCN@b110000 | |
| 105 | @ay z 000yy | |
| 200 | 1 | @a小学科学教育的“探究-研讨”教学法@9xiao xue ke xue jiao yu de tan jiu yan tao jiao xue fa@f(美)兰本达(B.Lansdown)等著@g陈德璋,张泰金译 |
| 210 | @a北京@c人民教育出版社@d1983 | |
| 215 | @a644页@d20cm | |
| 304 | @a著者通译:兰斯多恩 | |
| 606 | 0 | @a常识课-教学法@x小学 |
| 606 | 0 | @a教学法-常识课@x小学 |
| 606 | 0 | @a教学理论 |
| 690 | @aG623.6@v5 | |
| 690 | @aG426@v4 | |
| 701 | 1 | @a兰斯多恩@9lan si duo en@bB.@4著 |
| 701 | 1 | @aLansdown@bB.@4著 |
| 702 | 0 | @a陈德璋@9chen de zhang@4译 |
| 702 | 0 | @a张泰金@9zhang tai jin@4译 |
| 801 | 0 | @aCN@bTSSF@c20150207 |
| 905 | @aZUCC@dG426@eJY9 | |
| 小学科学教育的“探究-研讨”教学法/(美)兰本达(B.Lansdown)等著/陈德璋,张泰金译.-北京:人民教育出版社,1983 |
| 644页;20cm |
| ISBN :CNY2.40 |
| ● |
| 相关链接 |
|
|
|
|
正题名:小学科学教育的"探究-研讨"教学法
索取号:G426/JY9
 
预约/预借
| 序号 | 登录号 | 条形码 | 馆藏地/架位号 | 状态 | 备注 |
| 1 | 7845654 | 278456546 | 学院路分馆/ [索取号:G426/JY9] | 在馆 |